Culture générale ! Une image... Un des... (31) - Statistiques

Statistiques générales
  • Ce quiz a été pris 61 fois
  • Le résultat moyen est 11 sur 30
Statistiques - réponses
Par images Hint Réponse % Correct
drapeaux européens Norvège
94%
céréales riz
80%
informaticiens américains Bill Gates
76%
chefs de cuisine Cyril Lignac
74%
ponts des Etats-Unis Golden gate
74%
cétacés beluga
70%
types d horloge coucou
67%
planètes Jupiter
67%
organes du corps humain rein
67%
serpents dangereux cobra
56%
penseur religieux Martin Luther
46%
animaux de compagnie hamster
44%
sites préhistoriques Stonehenge
43%
races françaises de bovin Charolais
41%
acteurs français Jean-Claude Brialy
37%
végétaux lichen
35%
sociologues français Pierre Bourdieu
28%
artiste peintre française Rosa Bonheur
19%
grottes ornées de France Chauvet
15%
peintres français Edgar Degas
11%
polymathes grecs Aristote
9%
blasons de région de gendarmerie (région) Bourgogne
9%
chanteurs français William Sheller
9%
grades de l armée caporal chef
7%
préfectures de France La Rochelle
7%
pilotes françaises Jacqueline Auriol
6%
casques français casque {Adrian}
4%
tours de France (année) 1903
2%
villes de France Bastia
2%
instruments de chimie cornue
2%
Aucun quiz correspondant
Distribution des résultats
% des personnes avec chaque résultat
Percentile par nombre de réponses
Votre historique - résultats
Vous n’avez pas pris ce quiz